Music Quiz

Random Music or Song Quiz

50 Songs: A Load Of 'BS' Quiz Stats

Quiz Updated Jun 16, 2015

Challenge
Share
Tweet
Embed
Score 0/50 Timer 10:00
2 Plays Today
B Song (Year Of Release) Artist % Correct
Bohemian Rhapsody (1975)Queen
89.2%
Black Or White (1991)Michael Jackson
88.6%
Back In The U.S.S.R. (1968)The Beatles
87.8%
Back In Black (1980)AC/DC
86.8%
Born To Run (1975)Bruce Springsteen
83.2%
...Baby One More Time (1998)Britney Spears
83%
Black Dog (1971)Led Zeppelin
78.8%
Bridge Over Troubled Water (1970)Simon & Garfunkel
76.3%
Brown Sugar (1971)The Rolling Stones
76.3%
Beautiful Day (2000)U2
71.7%
Boom Boom Pow (2008)Black Eyed Peas
68.5%
Blank Space (2014)Taylor Swift
68%
A Boy Named Sue (1969)Johnny Cash
67%
Bad Moon Rising (1969)Creedence Clearwater Revival
66.4%
Blowin' In The Wind (1963)Bob Dylan
65.5%
Barbie Girl (1997)Aqua
64%
Buddy Holly (1994)Weezer
63.6%
Berserk (2013)Eminem
62.6%
Brothers In Arms (1985)Dire Straits
62.3%
Bankrobber (1980)The Clash
62.2%
Blue Orchid (2005)The White Stripes
62.2%
Beautiful (2002)Christina Aguilera
61.5%
Birthday Cake (ft. Chris Brown) (2012)Rihanna
60.8%
Breakaway (1994)ZZ Top
60.6%
Behind Blue Eyes (1971)The Who
54.6%
B Song (Year Of Release) Artist % Correct
Badge (1969)Cream
53.2%
Bad Medicine (1988)Bon Jovi
52.3%
The Bucket (2004)Kings Of Leon
52%
Blue Jean (1984)David Bowie
51.9%
Black Hole Sun (1994)Soundgarden
51.6%
By The Way (2002)Red Hot Chili Peppers
50.8%
Believe (1998)Cher
50.7%
Beetlebum (1997)blur
48.9%
Bring On The Night (1979)The Police
47.4%
The Boys Are Back In Town (1976)Thin Lizzy
45.3%
Batdance (1989)Prince
43.2%
Ballerina Girl (1986)Lionel Richie
43%
Boogie On Reggae Woman (1974)Stevie Wonder
41.9%
Beat It (ft. John Mayer) (2008)Fall Out Boy
41.1%
Butterflies And Hurricanes (2004)Muse
33.5%
Boys Don't Cry (1979)The Cure
30.2%
Bedshaped (2004)Keane
30.1%
Bones (2006)The Killers
29.8%
Back In The U.S.A. (1959)Chuck Berry
26.3%
Bittersweet Me (1996)R.E.M.
25.2%
Babylon (1999)David Gray
21.9%
Black Magic Woman (1968)Fleetwood Mac
21.8%
Baggy Trousers (1980)Madness
19.2%
The Boy With A Thorn In His Side (1985)The Smiths
18.3%
Breathe (1996)The Prodigy
16%

You're not logged in!

Compare scores with friends on all Sporcle quizzes.
Sign Up with Email
OR
Log In

You Might Also Like...

Show Comments

Extras

Top Quizzes Today


Score Distribution

Your Account Isn't Verified!

In order to create a playlist on Sporcle, you need to verify the email address you used during registration. Go to your Sporcle Settings to finish the process.